Missing Word: Margaret Atwood Novels Quiz Stats

 Plays Quiz Updated Jul 28, 2018

Score 0/12 Timer 05:00
0 Plays Today
Novel Missing Word % Correct
The Handmaid's _____Tale
96%
Bodily _____Harm
46.4%
The _____ AssassinBlind
44.8%
Cat’s _____Eye
37.7%
Alias _____Grace
34.1%
_____ and CrakeOryx
28.4%
The Robber _____Bride
27.1%
The _____ of the FloodYear
24.2%
The _____ WomanEdible
20.1%
The _____ Goes LastHeart
16.4%
Lady _____Oracle
14.4%
Scribbler _____Moon
10.6%

Today's Daily Dose

Word Ladder
Lean on Me

Get the Picture
Superhero by Villain

You're not logged in!

Compare scores with friends on all Sporcle quizzes.
OR
Log In

Sporcle TV

Today on Sporcle TV


Watch our educational content, quiz creation guides, and fun videos on Sporcle TV.

Show Comments

Extras

Top Quizzes Today


Score Distribution

Your Account Isn't Verified!

In order to create a playlist on Sporcle, you need to verify the email address you used during registration. Go to your Sporcle Settings to finish the process.

Report this User

Report this user for behavior that violates our Community Guidelines.

Details: